Loading...
| Mythology | 0 | 7 | 0 | 0 | 70 | 50 | 73.00 | 3 | 7 | 0.00 | 0.00 |
| Literature - British | 0 | 7 | 1 | 0 | 65 | 54 | 103.86 | 1 | 7 | 0.00 | 0.00 |
| History - Other | 0 | 6 | 0 | 1 | 60 | 50 | 96.17 | 3 | 5 | 0.00 | 0.00 |
| Literature - American | 0 | 6 | 1 | 0 | 55 | 82 | 109.00 | 0 | 5 | 0.00 | 0.00 |
| Science - Chemistry | 0 | 5 | 0 | 1 | 50 | 84 | 101.20 | 0 | 3 | 0.00 | 0.00 |
| Literature - European | 0 | 4 | 0 | 0 | 40 | 90 | 108.00 | 0 | 4 | 0.00 | 0.00 |
| Science - Other | 0 | 4 | 0 | 0 | 40 | 55 | 87.25 | 2 | 3 | 0.00 | 0.00 |
| Science - Biology | 0 | 4 | 0 | 1 | 40 | 79 | 96.00 | 1 | 4 | 0.00 | 0.00 |
| Literature - World | 0 | 4 | 1 | 0 | 35 | 77 | 101.75 | 0 | 4 | 0.00 | 0.00 |
| Social Science | 0 | 3 | 0 | 0 | 30 | 68 | 79.00 | 1 | 1 | 0.00 | 0.00 |
| Science - Physics | 0 | 3 | 1 | 2 | 25 | 65 | 102.67 | 1 | 2 | 0.00 | 0.00 |
| Religion | 0 | 3 | 1 | 1 | 25 | 81 | 106.67 | 1 | 3 | 0.00 | 0.00 |
| Fine Arts - Other | 0 | 2 | 0 | 0 | 20 | 102 | 105.00 | 0 | 2 | 0.00 | 0.00 |
| Fine Arts - Classical Music | 0 | 2 | 0 | 0 | 20 | 96 | 105.50 | 2 | 2 | 0.00 | 0.00 |
| Current Events | 0 | 2 | 1 | 1 | 15 | 33 | 69.00 | 0 | 1 | 0.00 | 0.00 |
| History - American | 0 | 2 | 1 | 1 | 15 | 60 | 91.00 | 2 | 2 | 0.00 | 0.00 |
| Popular Culture | 0 | 1 | 0 | 0 | 10 | 101 | 101.00 | 0 | 0 | 0.00 | 0.00 |
| Philosophy | 0 | 1 | 0 | 0 | 10 | 125 | 125.00 | 0 | 0 | 0.00 | 0.00 |
| History - European | 0 | 1 | 3 | 1 | -5 | 123 | 123.00 | 0 | 0 | 0.00 | 0.00 |